Religion in society : a sociology of religion

Salvato in:
Dettagli Bibliografici
Autore principale: Johnstone, Ronald L.
Natura: Libro
Lingua:inglese
Pubblicazione: Prentice Hall. c1988.
Edizione:3ª ed.
Soggetti:
Tags: Aggiungi Tag
Nessun Tag, puoi essere il primo ad aggiungerne!!

MARC

LEADER 00000nam a22000005a 4500
001 3002
003 CL-ChBUA
005 20120815102816.0
008 070301s1988 xxu 000 0 eng
020 |a 0137731027 
040 |a CL-ChBUA  |c CL-ChBUA 
082 0 0 |a 306.6 
090 |c 3002  |d 3002 
100 1 |a Johnstone, Ronald L. 
245 1 0 |a Religion in society :  |b a sociology of religion 
250 |a 3ª ed. 
260 |b Prentice Hall.  |c c1988. 
300 |a viii, 286 p.  |c 25 cm. 
504 |a Indice. 
650 4 |a RELIGION Y SOCIOLOGIA. 
942 |c LIB 
952 |0 0  |1 0  |4 0  |7 0  |9 4451  |a UNACH  |b UNACH  |c 300  |d 2007-03-05  |i 27.022.  |l 0  |o 306.6 / J 73.  |p 5450  |r 2012-12-27 00:00:00  |u 4451  |w 2012-08-08  |y LIB  |k 306.6 / J 73. 
999 |c 3002  |d 3002